| 000 | 01221nam a2200217Ia 4500 | ||
|---|---|---|---|
| 003 | Ost | ||
| 005 | 20260507075022.0 | ||
| 008 | 260507s9999||||xx |||||||||||||| ||und|| | ||
| 020 | _a9953427453 | ||
| 040 | _cfsecg | ||
| 041 | _aara | ||
| 082 | _a330 | ||
| 100 |
_aمروة، هيام _eمؤلف |
||
| 245 | 0 |
_aالقانون الإداري الخاص : _bالمرافق العامة الكبرى وطرق إدارتها، الإستهلاك، الأشغال العامة، التنظيم المدني / _c هيام مروة |
|
| 260 |
_aبيروت: _bمجدالمؤسسة الجامعية للدراسات والنشر والتوزيع, _c2003 |
||
| 300 |
_a376 صفحة؛ _bإيضاحات ؛ _c24 سم |
||
| 520 | _aالمرافق العامة الكبرى- المرافق الإقتصادية- إنشاء وسير المرافق العامة- الإمتياز التنظيم المدني- البناء- الإستملاك والأشغال العامة- التنظيم المدني- تصاميم وأنظمة المدن والقرى- المرافق العامة الكبرى- المرافق الأمنية | ||
| 653 | _aالقانون الإداري | ||
| 653 | _aالمرافق العامة | ||
| 942 | _cكتاب | ||
| 999 |
_c42294 _d42294 |
||